Animanera /

Đã lưu trong:
Chi tiết về thư mục
Tác giả của công ty: 16 Bit (gruppo musicale) (Nhà soạn nhạc)
Tác giả khác: Friello, Antonio, (attivo 1998) (Diễn viên), Verzillo, Raffaele (Giám đốc), Corona, Pier Francesco (Người viết kịch bản), Brescini, Giovanni (Nhiếp ảnh gia), Fortunato, Domenico (Diễn viên), Ward, Luca (Diễn viên), Desideri, Giada (Diễn viên)
Định dạng: Slide
Ngôn ngữ:Tiếng Italy
Được phát hành: Milano : Medusa video, [2008?]
Các nhãn: Thêm thẻ
Không có thẻ, Là người đầu tiên thẻ bản ghi này!

MARC

LEADER 00000ngm a22000007i 4500
001 IT\ICCU\LO1\1234158
003 ItRI
005 20260124182904.0
008 090302s2008 it |||||||||||||||k|||||c
024 3 1 |a 8010020054428 
028 4 2 |a N02RF05440  |b versione noleggio 
028 4 2 |a N02SF05442 
040 |b ita 
041 7 |a ita  |2 ISO-639-2 
082 |a 791.43  |9 CINEMA  |2 19 
130 0 |a Animanera <film ; 2008>  |3 IT\ICCU\LO1\1234159 
245 0 0 |a Animanera /  |c regia di Raffaele Verzillo ; soggetto e sceneggiatura Pier Francesco Corona, Raffaele Verzillo ; direttore della fotografia Giovanni Brescini ; musiche 16 Bit. 
260 |a Milano :  |b Medusa video,  |c [2008?] 
300 |a 1 DVD video (93 min.): color., sonoro ;  |c in contenitore, 19 cm 
500 |a Caratteristiche tecniche: regione 2; formato video PAL, panoramico 1.78:1, ottimizzato per TV 16:9; audio: Dolby digital 5.1 
500 |a Tit. del contenitore 
500 |a Produzione cinematografica Italia 2008 
500 |a Interpreti: Antonio Friello, Giada Desideri, Luca Ward, Domenico Fortunato 
500 |a Lingue: italiano; sottotitoli: italiano per non udenti, inglese 
500 |a Contenuti extra 
500 |a Vietato ai minori di 14 anni. 
700 1 |a Friello, Antonio,  |d  (attivo 1998)  |0 IT\ICCU\CFIV\376542  |4 act 
700 1 |a Verzillo, Raffaele  |0 IT\ICCU\LO1V\354699  |4 drt 
700 1 |a Corona, Pier Francesco  |0 IT\ICCU\LO1V\354700  |4 sce 
700 1 |a Brescini, Giovanni  |0 IT\ICCU\LO1V\354701  |4 pht 
700 1 |a Fortunato, Domenico  |0 IT\ICCU\MILV\124141  |4 act 
700 1 |a Ward, Luca  |0 IT\ICCU\RAVV\416507  |4 act 
700 1 |a Desideri, Giada  |0 IT\ICCU\RAVV\612017  |4 act 
710 2 |a 16 Bit (gruppo musicale)  |0 IT\ICCU\LO1V\354702  |4 cmp 
790 1 |a Faggioli, Maria Giada  |3 IT\ICCU\SBNV\025464  |z Desideri, Giada 
790 1 |a Faggioli, Giada  |3 IT\ICCU\SBNV\025465  |z Desideri, Giada 
942 |2 ddc  |c VM  |n 0 
952 |0 0  |1 0  |4 0  |6 VO_1671_000000000000000  |7 0  |9 27608  |a BO  |b BO  |d 2026-01-24  |i 12959  |l 0  |o VO 1671  |p BO12959  |r 2026-01-24 18:29:04  |w 2026-01-24  |x [Sebina 5] [1 dvd]  |y VM  |z 1 dvd 
999 |c 23396  |d 23396